000 00320 a2200145 4500
001 149040
040 _cEscola São Tomás de Aquino
100 _aMORALES , Yuri
240 1 0 _aSó um minutinho
_lpor
245 1 0 _aSó um minutinho
362 0 _a2003
440 1 _aFTD
697 _a*LITERATURA INFANTO
942 _cBK
999 _c149040
_d149040